| 000 | 00559nam a22002057a 4500 | ||
|---|---|---|---|
| 003 | OSt | ||
| 005 | 20151202155014.0 | ||
| 008 | 151202b xxu||||| |||| 00| 0 eng d | ||
| 020 | _a0521629322 | ||
| 040 | _cDDC. | ||
| 082 | _a367.7HOU 1997. | ||
| 100 |
_aHoughton ,John; _96446 |
||
| 245 |
_aGlobal Warning. _bThe complete Briefing. |
||
| 250 | _a2nd ed. | ||
| 260 |
_aAustraria. _bCambridge University Press. _c1997. |
||
| 300 |
_axiii,251p; _bill; _c26cm |
||
| 504 | _aGlossary and index are included. | ||
| 650 |
_ageography. _96447 |
||
| 942 |
_2ddc _cSLOAN |
||
| 999 |
_c2782 _d2782 |
||